书目信息 |
| 题名: |
国际标准书目著录
|
|
| 作者: | ;夏文正 译 ;国际图书馆学会、学会联合会·国际连续出版物标准书目著录联合工作组 编 | |
| 分册: | ||
| 出版信息: | 北京 书目文献出版社 1983 |
|
| 页数: | 116页 | |
| 开本: | 19cm | |
| 丛书名: | ||
| 单 册: | ||
| 中图分类: | G254.31 | |
| 科图分类: | ||
| 主题词: | 连续出版物-文献著录--国际标准 , 文献著录-连续出版物--国际标准 | |
| 电子资源: | ||
| ISBN: | ||
| 000 | 00969nam0 2200253 45 | |
| 001 | 0183009682 | |
| 005 | 20070730171912.06 | |
| 010 | @dCNY0.48 | |
| 091 | @a7201.36 | |
| 100 | @a19950929d1983 em y0chiy0121 ea | |
| 101 | 1 | @achi |
| 102 | @aCN@b110000 | |
| 105 | @ay z 000yy | |
| 200 | 10 | @a国际标准书目著录@Aguo ji biao zhun shu mu zhu lu@e连续出版物@eISBD(S)@f国际图书馆学会、学会联合会·国际连续出版物标准书目著录联合工作组编@g夏文正译 |
| 210 | @a北京@c书目文献出版社@d1983 | |
| 215 | @a116页@d19cm | |
| 606 | @a连续出版物-文献著录@x国际标准 | |
| 606 | @a文献著录-连续出版物@x国际标准 | |
| 690 | @aG254.31@v3 | |
| 702 | 0 | @a夏文正@Axia wen zheng@4译 |
| 711 | 02 | @a国际图书馆学会、学会联合会·国际连续出版物标准书目著录联合工作组@Aguo ji tu shu guan xue hui xue hui lian he hui guo ji lian xu chu ban wu biao zhun shu mu zhu lu lian he gong zuo zu@4编 |
| 801 | 0 | @aCN@b上海图书馆@c20070730 |
| 801 | 2 | @aCN@bNLC@c20060818 |
| 905 | @f1@b98684@dG254.31@e15 | |
| 国际标准书目著录:连续出版物:ISBD(S)/国际图书馆学会、学会联合会·国际连续出版物标准书目著录联合工作组编/夏文正译.-北京:书目文献出版社,1983 |
| 116页;19cm |
| ISBN :CNY0.48 |
| ● |
| 相关链接 |
|
|
|
|
正题名:国际标准书目著录
索取号:G254.31/15
 
预约/预借
| 序号 | 登录号 | 条形码 | 馆藏地/架位号 | 状态 | 备注 |
| 1 | 0098584 | 000502414 | 密集书库/ [索取号:G254.31/15] | 在馆 | |
| 2 | 0098586 | 000502405 | 第一样本阅览室/ [索取号:G254.31/15] | 在馆 | |
| 3 | 0447701 | 204477011 | 密集书库/ [索取号:G254.31/15] | 在馆 | |
| 4 | 0447702 | 204477020 | 密集书库/ [索取号:G254.31/15] | 在馆 | |
| 5 | 0448122 | 204481220 | 密集书库/ [索取号:G254.31/15] | 在馆 | |
| 6 | 0448123 | 204481239 | 密集书库/ [索取号:G254.31/15] | 在馆 | |
| 7 | 0448124 | 204481248 | 密集书库/ [索取号:G254.31/15] | 在馆 | |
| 8 | 0448125 | 204481257 | 密集书库/ [索取号:G254.31/15] | 在馆 | |
| 9 | 0469220 | 204692207 | 密集书库/ [索取号:G254.31/15] | 在馆 | |
| 10 | 0787299 | 207872998 | 密集书库/ [索取号:G254.31/15] | 在馆 |